Дело по указу Правительствующего Сената об отправлении в один из отдаленных городов отставного полковника Свечникова на жительст...

Доступно только в Электронных читальных залах Найти на картеНа карте
RUSMARC
00003765nmc2a22000003x 450
0014768f39b-a58a-41fb-9243-744ab683fa51
00520180803171115.0
100##$a20160518l18441846k l0rusy0189 ca
1010#$arus
102##$aRU
2001#$aДело по указу Правительствующего Сената об отправлении в один из отдаленных городов отставного полковника Свечникова на жительство, с учреждением строгого полицейского надзора
$j24 августа 1844 г. - 17 апреля 1846 г.
251##$cДело
300##$aДело
801#0$aRU
$bРГИА
$c20160518
$gRCR
801#1$aRU
$bГлавНИВЦ
$c20160518
$2rusmarc
801#2$aRU
$bПБ им. Б.Н. Ельцина
$c20180803
$gRCR
$2rusmarc
850##$aРГИА
852##$aРГИА
$eФедеральное казенное учреждение "Российский государственный исторический архив" (РГИА)
$j614
937##$hРГИА
$d12201329
$aASBIBLIO_SCAN
462#0$1001dc1641a5-18cf-44db-9146-52cce5d74d5e
$12001
$a1844-1845 гг. Дела Департамента полиции исполнительной МВД за 1844 г.
$1251
$cОпись
$1852
$j9
461#0$10013e300ed0-cd39-49af-8489-5ba5b90fa401
$12001
$aДепартамент полиции исполнительной МВД
$1251
$cФонд
$1852
$j1286
215##$a27 л.
$d36,5х26 см
371##$aДокумент не является опубликованным и широко распространяемым
105##$ay###
1222#$ad
035##$a4768f39b-a58a-41fb-9243-744ab683fa51
856##$uhttp://readingroom.main.prlib.ru/item.aspx?id_node=n117874955&mode=full
Формат отображения